| 000 | 00482nam a2200229Ia 4500 | ||
|---|---|---|---|
| 003 | IT-RoPAU | ||
| 008 | 120407s9999 xx 000 0 und d | ||
| 040 | _aIT-RoPAU | ||
| 040 | _cIT-RoPAU | ||
| 041 | _afra | ||
| 100 | _aJean Calvet | ||
| 245 | _aSainte Louise de Marillac. Par elle-meme | ||
| 250 | _aParis | ||
| 260 | _aAubier | ||
| 260 | _c1958 | ||
| 300 | _a230 p. | ||
| 300 | _c19 cm | ||
| 490 | _aLégion de Dieu | ||
| 490 | _v1 | ||
| 942 | _cBK | ||
| 999 |
_c29622 _d29622 |
||